[Event "Titled Tuesday intern op 16th Apr Early"]
[Site "Chess.com INT"]
[Date "2024.04.16"]
[Round "4"]
[White "Clawitter, Craig"]
[Black "Hnatyshyn, Anastasiya"]
[Result "0-1"]
[WhiteElo "2050"]
[BlackElo "2160"]
[PlyCount "63"]
[EventDate "2024.04.16"]
[EventType "swiss (blitz)"]
[EventRounds "11"]
[EventCountry "USA"]
[SourceTitle "CB17_2024"]
[SourceDate "2024.04.24"]
[SourceVersion "1"]
[SourceVersionDate "2024.04.24"]
[SourceQuality "1"]

1. e4 e6 2. d4 d5 3. e5 c5 4. c3 Nc6 5. Nf3 Qb6 6. a3 c4 7. Nbd2 Na5 8. g3 Bd7 9. Bg2 Ne7 10. 0-0 Ng6 11. h4 h5 12. Rb1 Be7 13. Qc2 Rc8 14. Re1 Nb3 15. Nxb3 cxb3 16. Qd1 a5 17. Bg5 a4 18. Bxe7 Nxe7 19. Ng5 Nf5 20. Bh3 g6 21. Bxf5 gxf5 22. Nh3 Bb5 23. Nf4 Ke7 24. Nxh5 Rcg8 25. Nf6 Rg7 26. h5 Qa6 27. Re3 f4 28. Rf3 Be2 29. Qd2 Bxf3 30. c4 fxg3 31. Qb4+ Kd8 32. c5 0-1

[Event "Titled Tuesday intern op 16th Apr Early"]
[Site "Chess.com INT"]
[Date "2024.04.16"]
[Round "6"]
[White "Clawitter, Craig"]
[Black "Tsyhanchuk, Stanislav"]
[Result "1-0"]
[WhiteElo "2050"]
[BlackElo "2273"]
[PlyCount "53"]
[EventDate "2024.04.16"]
[EventType "swiss (blitz)"]
[EventRounds "11"]
[EventCountry "USA"]
[SourceTitle "CB17_2024"]
[SourceDate "2024.04.24"]
[SourceVersion "1"]
[SourceVersionDate "2024.04.24"]
[SourceQuality "1"]

1. e4 e5 2. Nf3 Nc6 3. Bb5 a6 4. Ba4 d6 5. c3 b5 6. Bc2 Nf6 7. 0-0 Bg4 8. d3 Be7 9. Nbd2 d5 10. h3 Bh5 11. Re1 d4 12. Nf1 0-0 13. Ng3 Bxf3 14. Qxf3 Nd7 15. Nf5 Nc5 16. Qg3 g6 17. cxd4 Nxd4 18. Nxd4 Qxd4 19. Be3 Qxb2 20. Rac1 Rfd8 21. Bb1 Nxd3 22. Bxd3 Rxd3 23. Rxc7 Bb4 24. Qf3 Rf8 25. Qf6 Rxe3 26. Rxe3 Qc1+ 27. Rxc1 1-0

[Event "Titled Tuesday intern op 16th Apr Early"]
[Site "Chess.com INT"]
[Date "2024.04.16"]
[Round "9"]
[White "Clawitter, Craig"]
[Black "Womacka, Mathias"]
[Result "0-1"]
[WhiteElo "2050"]
[BlackElo "2359"]
[PlyCount "100"]
[EventDate "2024.04.16"]
[EventType "swiss (blitz)"]
[EventRounds "11"]
[EventCountry "USA"]
[SourceTitle "CB17_2024"]
[SourceDate "2024.04.24"]
[SourceVersion "1"]
[SourceVersionDate "2024.04.24"]
[SourceQuality "1"]

1. e4 c5 2. Nf3 d6 3. d4 cxd4 4. Nxd4 Nf6 5. Nc3 a6 6. Be3 e5 7. Nb3 Be7 8. f3 Be6 9. Qd2 0-0 10. g4 d5 11. exd5 Nxd5 12. Nxd5 Bxd5 13. Be2 Bh4+ 14. Bf2 Bxf2+ 15. Kxf2 Qh4+ 16. Kg1 Rd8 17. Rd1 Nc6 18. Qe1 Qxe1+ 19. Rxe1 Bxb3 20. axb3 Rd2 21. Bd3 Nd4 22. Be4 Nxc2 23. Rc1 Nd4 24. Bxb7 Ne2+ 25. Kf1 Nxc1 26. Bxa8 Rxb2 27. Bd5 Nxb3 28. Bxb3 Rxb3 29. Kf2 Ra3 30. Rb1 h6 31. Rb8+ Kh7 32. h4 g5 33. hxg5 hxg5 34. Rb7 Kg6 35. Re7 Kf6 36. Rb7 a5 37. Rb6+ Ke7 38. Rb7+ Ke6 39. Rb6+ Kd5 40. Rf6 a4 41. Rxf7 Rb3 42. Ra7 a3 43. Ra5+ Kd4 44. Ra4+ Kc3 45. Ra5 Kb2 46. Rxe5 a2 47. Re2+ Ka3 48. Rxa2+ Kxa2 49. f4 gxf4 50. g5 Rg3 0-1

[Event "Titled Tuesday intern op 16th Apr Early"]
[Site "Chess.com INT"]
[Date "2024.04.16"]
[Round "5"]
[White "Devaev, Alexander"]
[Black "Clawitter, Craig"]
[Result "1-0"]
[WhiteElo "2325"]
[BlackElo "2050"]
[PlyCount "95"]
[EventDate "2024.04.16"]
[EventType "swiss (blitz)"]
[EventRounds "11"]
[EventCountry "USA"]
[SourceTitle "CB17_2024"]
[SourceDate "2024.04.24"]
[SourceVersion "1"]
[SourceVersionDate "2024.04.24"]
[SourceQuality "1"]

1. d4 e6 2. c4 Nf6 3. Nc3 d5 4. Nf3 dxc4 5. e4 b5 6. e5 Nd5 7. Nxb5 Nb6 8. Nc3 c5 9. Be3 N8d7 10. Be2 Bb7 11. 0-0 Be7 12. Qc2 0-0 13. Rad1 Qc8 14. dxc5 Nxc5 15. Ng5 Bxg5 16. Bxg5 h6 17. Be7 Re8 18. Bd6 Rd8 19. Rd2 Qc6 20. Bf3 Qc8 21. Bxb7 Nxb7 22. Ne4 Nd5 23. Rc1 c3 24. bxc3 Nxd6 25. Nxd6 Qc6 26. c4 Nf4 27. f3 Qc5+ 28. Kh1 f6 29. Qe4 fxe5 30. Rcd1 Rab8 31. g3 Nd5 32. cxd5 Qxd6 33. h4 Rb4 34. dxe6 Rxe4 35. Rxd6 Rxd6 36. Rxd6 Re1+ 37. Kg2 Re2+ 38. Kf1 e4 39. Rd8+ Kh7 40. e7 exf3 41. e8Q Rxe8 42. Rxe8 f2 43. Re2 Kg6 44. Kxf2 Kh5 45. Kf3 g5 46. hxg5 hxg5 47. g4+ Kh4 48. Rh2# 1-0

[Event "Titled Tuesday intern op 12th Mar Early"]
[Site "Chess.com INT"]
[Date "2024.03.12"]
[Round "10"]
[White "Quintiliano Pinto, Renato Rodrigues"]
[Black "Clawitter, Craig"]
[Result "1-0"]
[WhiteElo "2483"]
[BlackElo "2050"]
[PlyCount "71"]
[EventDate "2024.03.12"]
[EventType "swiss (blitz)"]
[EventRounds "11"]
[EventCountry "USA"]
[SourceTitle "CB12_2024"]
[SourceDate "2023.10.01"]
[SourceVersion "1"]
[SourceVersionDate "2023.10.01"]
[SourceQuality "1"]

1. d4 e6 2. Nf3 Nf6 3. Bg5 c5 4. e3 b6 5. Nbd2 Bb7 6. Bd3 Be7 7. 0-0 0-0 8. c3 cxd4 9. exd4 a6 10. a4 d6 11. Qe2 Nbd7 12. Rfe1 Re8 13. Bh4 Nd5 14. Bg3 Nf8 15. Nc4 Ng6 16. Qd2 b5 17. Ne3 Ndf4 18. axb5 Nxd3 19. Qxd3 axb5 20. Qxb5 Bxf3 21. gxf3 Rb8 22. Qe2 Qb6 23. Nc4 Qc6 24. Ra7 Rec8 25. Ne3 Qb6 26. Ra2 Qb3 27. Rea1 h5 28. h3 h4 29. Bh2 Rb6 30. f4 d5 31. f5 exf5 32. Nxf5 Re6 33. Qd1 Qb7 34. Qd2 Bf6 35. Ra7 Qb5 36. Nd6 1-0

[Event "Titled Tuesday intern op 13th Feb Late"]
[Site "Chess.com INT"]
[Date "2024.02.13"]
[Round "9"]
[White "Clawitter, Craig"]
[Black "Aditya, Varun Gampa"]
[Result "1/2-1/2"]
[WhiteElo "2050"]
[BlackElo "2325"]
[PlyCount "162"]
[EventDate "2024.02.13"]
[EventType "swiss (blitz)"]
[EventRounds "11"]
[EventCountry "USA"]
[SourceTitle "CB08_2024"]
[SourceDate "2024.02.21"]
[SourceVersion "1"]
[SourceVersionDate "2024.02.21"]
[SourceQuality "1"]

1. e4 e5 2. Nf3 Nc6 3. Bc4 Nf6 4. d3 d6 5. c3 Be7 6. 0-0 0-0 7. Bb3 a6 8. Nbd2 b5 9. Re1 Bb7 10. Nf1 Na5 11. Bc2 c5 12. Ng3 Bc8 13. h3 Qc7 14. d4 cxd4 15. cxd4 Bd7 16. b3 Rac8 17. Bd3 Nc6 18. Bb2 Rfd8 19. Rc1 Qb7 20. d5 Nb4 21. Bb1 a5 22. Nh4 Na6 23. Qf3 Nc5 24. Nhf5 Bxf5 25. Nxf5 g6 26. Nxe7+ Qxe7 27. Rc3 b4 28. Rc4 Kg7 29. Bc1 Rc7 30. Qe3 Nfd7 31. Qh6+ Kg8 32. f4 exf4 33. Bxf4 Ne5 34. Rc2 Ncd3 35. Rxc7 Qxc7 36. Bxd3 Nxd3 37. Rf1 Nxf4 38. Qxf4 Re8 39. Re1 Qe7 40. Re3 Qe5 41. Qxe5 Rxe5 42. Kf2 Kg7 43. g4 h5 44. Kg3 hxg4 45. hxg4 f5 46. gxf5 gxf5 47. Kf4 fxe4 48. Rxe4 Rh5 49. Re7+ Kf6 50. Ra7 Rxd5 51. Ra6 Ke6 52. Ra8 Rd4+ 53. Ke3 Rd5 54. Re8+ Kd7 55. Ra8 Kc6 56. Rc8+ Kb7 57. Rh8 Kb6 58. Rb8+ Kc7 59. Rh8 Kc6 60. Rc8+ Kd7 61. Ra8 Rc5 62. Ra7+ Rc7 63. Rxa5 Rb7 64. Rh5 Kc6 65. Kd4 Ra7 66. Rh6 Rxa2 67. Kc4 Ra7 68. Kxb4 Rb7+ 69. Kc4 Rb6 70. b4 Kc7 71. b5 Kb7 72. Rh7+ Kb8 73. Rd7 Kc8 74. Rh7 Rb7 75. Rh8+ Kc7 76. Kb4 Kb6 77. Rh6 Rd7 78. Kc4 Kb7 79. Kd5 Kb6 80. Rxd6+ Rxd6+ 81. Kxd6 Kxb5 1/2-1/2

[Event "Titled Tuesday intern op 13th Feb Late"]
[Site "Chess.com INT"]
[Date "2024.02.13"]
[Round "10"]
[White "Clawitter, Craig"]
[Black "Garcia Correa, Jose Ricardo"]
[Result "1-0"]
[WhiteElo "2050"]
[BlackElo "2103"]
[PlyCount "41"]
[EventDate "2024.02.13"]
[EventType "swiss (blitz)"]
[EventRounds "11"]
[EventCountry "USA"]
[SourceTitle "CB08_2024"]
[SourceDate "2024.02.21"]
[SourceVersion "1"]
[SourceVersionDate "2024.02.21"]
[SourceQuality "1"]

1. e4 c5 2. Nf3 e6 3. d4 cxd4 4. Nxd4 a6 5. Bd3 Qc7 6. Qe2 Nf6 7. Nc3 h5 8. e5 Ng4 9. Bf4 d6 10. exd6 Bxd6 11. Bxd6 Qxd6 12. 0-0-0 Qf4+ 13. Kb1 Qxf2 14. Qe4 Nf6 15. Qe5 Nbd7 16. Qd6 Qe3 17. Rhe1 Qg5 18. h4 Qc5 19. Rxe6+ fxe6 20. Bg6+ Kd8 21. Nxe6# 1-0

[Event "Titled Tuesday intern op 13th Feb Early"]
[Site "Chess.com INT"]
[Date "2024.02.13"]
[Round "9"]
[White "Clawitter, Craig"]
[Black "Skiadopoulos, Nikolaos"]
[Result "0-1"]
[WhiteElo "2050"]
[BlackElo "1854"]
[PlyCount "70"]
[EventDate "2024.02.13"]
[EventType "swiss (blitz)"]
[EventRounds "11"]
[EventCountry "USA"]
[SourceTitle "CB08_2024"]
[SourceDate "2024.02.21"]
[SourceVersion "1"]
[SourceVersionDate "2024.02.21"]
[SourceQuality "1"]

1. e4 c5 2. Nf3 Nc6 3. d4 cxd4 4. Nxd4 Nf6 5. Nc3 e5 6. Ndb5 d6 7. Bg5 a6 8. Bxf6 gxf6 9. Na3 b5 10. Nd5 Bg7 11. Bd3 Na5 12. 0-0 Be6 13. Qh5 0-0 14. f4 Rc8 15. Rf3 b4 16. Rg3 Kh8 17. Nb1 Nc4 18. f5 Bxd5 19. exd5 Qb6+ 20. Kh1 Qf2 21. Qd1 Nxb2 22. Qc1 Nxd3 23. Rxd3 Bh6 24. Qd1 Rxc2 25. Rg3 Rg8 26. Rxg8+ Kxg8 27. Qg4+ Bg5 28. h4 Rc1+ 29. Kh2 Qg1+ 30. Kg3 Qe1+ 31. Kh3 Qe3+ 32. g3 Rh1+ 33. Kg2 Rg1+ 34. Kh3 h5 35. Qxh5 Qxg3# 0-1

[Event "Titled Tuesday intern op 06th Feb Late"]
[Site "Chess.com INT"]
[Date "2024.02.06"]
[Round "5"]
[White "Clawitter, Craig"]
[Black "Miszler, Levente"]
[Result "0-1"]
[WhiteElo "2050"]
[BlackElo "2269"]
[PlyCount "56"]
[EventDate "2024.02.06"]
[EventType "swiss (blitz)"]
[EventRounds "11"]
[EventCountry "USA"]
[SourceTitle "CB07_2024"]
[SourceDate "2024.02.14"]
[SourceVersion "1"]
[SourceVersionDate "2024.02.14"]
[SourceQuality "1"]

1. e4 e6 2. d4 d5 3. e5 c5 4. c3 Nc6 5. Nf3 Bd7 6. Be2 f6 7. 0-0 fxe5 8. dxe5 Nh6 9. Bd3 Qc7 10. Bf4 Nf7 11. Re1 0-0-0 12. c4 d4 13. a3 Be7 14. h3 g5 15. Bh2 h5 16. b4 g4 17. Nfd2 gxh3 18. b5 Ncxe5 19. Nf3 Bd6 20. Nxe5 Bxe5 21. Bxe5 Nxe5 22. Be4 Rdg8 23. f4 Ng4 24. Qa4 h2+ 25. Kh1 Qxf4 26. Bxb7+ Kxb7 27. Qa6+ Kb8 28. b6 Nf2# 0-1

[Event "Titled Tuesday intern op 06th Feb Early"]
[Site "Chess.com INT"]
[Date "2024.02.06"]
[Round "8"]
[White "Jakubowska, Anna"]
[Black "Clawitter, Craig"]
[Result "1-0"]
[WhiteElo "2139"]
[BlackElo "2050"]
[PlyCount "87"]
[EventDate "2024.02.06"]
[EventType "swiss (blitz)"]
[EventRounds "11"]
[EventCountry "USA"]
[SourceTitle "CB07_2024"]
[SourceDate "2024.02.14"]
[SourceVersion "1"]
[SourceVersionDate "2024.02.14"]
[SourceQuality "1"]

1. e4 e6 2. d4 d5 3. Nc3 Bb4 4. Nge2 dxe4 5. a3 Be7 6. Nxe4 Nf6 7. N2g3 0-0 8. Bd3 Qxd4 9. Nxf6+ Bxf6 10. 0-0 g6 11. Bh6 Rd8 12. Qf3 Nc6 13. Ne4 Bg7 14. Bg5 f5 15. Nc3 Re8 16. Nb5 Qd7 17. Rad1 Ne5 18. Qg3 Nxd3 19. Nxc7 f4 20. Bxf4 e5 21. Nxe8 exf4 22. Qxd3 Qxe8 23. Rfe1 Qf7 24. Qd8+ Bf8 25. Re8 Bg4 26. Qxa8 Bxd1 27. Rd8 Bxc2 28. Qxa7 Bf5 29. h3 Kg7 30. Qd4+ Qf6 31. Qxf6+ Kxf6 32. Rxf8+ Ke5 33. Rb8 Be4 34. f3 Bc6 35. Rh8 h5 36. Kf2 Kf6 37. Rd8 Kg5 38. b3 Kf6 39. a4 g5 40. a5 g4 41. Rd6+ Ke5 42. Rxc6 bxc6 43. a6 Kd6 44. a7 1-0

[Event "Titled Tuesday intern op 23rd Jan Late"]
[Site "Chess.com INT"]
[Date "2024.01.23"]
[Round "11"]
[White "Clawitter, Craig"]
[Black "Viana, Valeria"]
[Result "1-0"]
[WhiteElo "2050"]
[BlackElo "1792"]
[PlyCount "119"]
[EventDate "2024.01.23"]
[EventType "swiss (blitz)"]
[EventRounds "11"]
[EventCountry "USA"]
[SourceTitle "CB05_2024"]
[SourceDate "2024.01.31"]
[SourceVersion "1"]
[SourceVersionDate "2024.01.31"]
[SourceQuality "1"]

1. e4 c6 2. d4 d5 3. e5 Bf5 4. Nf3 e6 5. Be2 Ne7 6. 0-0 Nd7 7. Nbd2 Nc8 8. Nb3 Be7 9. a4 a6 10. a5 Na7 11. Be3 Nb5 12. c4 dxc4 13. Bxc4 Qc7 14. Bd3 Bxd3 15. Qxd3 Rd8 16. Qe4 Nf8 17. h4 h5 18. Bg5 Bxg5 19. Nxg5 Ng6 20. Nxe6 fxe6 21. Qxg6+ Qf7 22. Qe4 Qf5 23. Rfe1 0-0 24. Qxf5 Rxf5 25. Re4 Rdf8 26. f3 Rd8 27. Rd1 Nc7 28. Nc5 Rd5 29. Nxb7 Rb5 30. Nd6 Rxb2 31. Nxf5 exf5 32. Ree1 Ne6 33. g3 Rb3 34. Kf2 Rb5 35. Ke3 Rxa5 36. Ra1 Rb5 37. Rxa6 Rb3+ 38. Kf2 Nxd4 39. Re3 Rb2+ 40. Kg1 Ne2+ 41. Kh2 Nf4+ 42. Kh1 Rb1+ 43. Kh2 Rb2+ 44. Kg1 Rg2+ 45. Kf1 Rxg3 46. e6 Nd5 47. Re2 Rxf3+ 48. Ke1 Ne7 49. Ra7 Nd5 50. e7 Nxe7 51. Rexe7 Rg3 52. Rf7 Rg1+ 53. Kf2 Rg4 54. Rxf5 Rxh4 55. Rg5 Rg4 56. Rxg4 hxg4 57. Kg3 Kf8 58. Rc7 g5 59. Rxc6 Kg7 60. Ra6 1-0

[Event "Titled Tuesday intern op 09th Jan Early"]
[Site "Chess.com INT"]
[Date "2024.01.09"]
[Round "6"]
[White "Clawitter, Craig"]
[Black "Kuznecova, Marija"]
[Result "0-1"]
[WhiteElo "2050"]
[BlackElo "2011"]
[PlyCount "50"]
[EventDate "2024.01.09"]
[EventType "swiss (blitz)"]
[EventRounds "11"]
[EventCountry "USA"]
[SourceTitle "CB03_2024"]
[SourceDate "2024.01.17"]
[SourceVersion "1"]
[SourceVersionDate "2024.01.17"]
[SourceQuality "1"]

1. e4 c5 2. Nf3 d6 3. d4 cxd4 4. Nxd4 Nf6 5. Nc3 a6 6. Be3 e5 7. Nb3 Be6 8. f3 Be7 9. Qd2 0-0 10. 0-0-0 a5 11. a4 Nc6 12. Bb5 Nb4 13. Qf2 Qc8 14. Kb1 d5 15. exd5 Nfxd5 16. Nxd5 Bxd5 17. Rc1 Qe6 18. Bc5 Bxb3 19. cxb3 Bxc5 20. Rxc5 Qxb3 21. Bc4 Qxa4 22. Rxe5 Rac8 23. b3 Qa3 24. Qb2 Qxb2+ 25. Kxb2 Rxc4 0-1

[Event "Titled Tuesday intern op 19th Dec Early"]
[Site "Chess.com INT"]
[Date "2023.12.19"]
[Round "7"]
[White "Clawitter, Craig"]
[Black "Eilers, Stefan"]
[Result "0-1"]
[WhiteElo "2050"]
[BlackElo "2275"]
[PlyCount "72"]
[EventDate "2023.12.19"]
[EventType "swiss (blitz)"]
[EventRounds "11"]
[EventCountry "USA"]
[SourceTitle "CB52_2023"]
[SourceDate "2023.12.27"]
[SourceVersion "1"]
[SourceVersionDate "2023.12.27"]
[SourceQuality "1"]

1. e4 Nc6 2. Nc3 e5 3. g3 Nf6 4. Bg2 Bc5 5. Nge2 d6 6. 0-0 a6 7. d3 h6 8. h3 0-0 9. Be3 Bxe3 10. fxe3 Ne7 11. Qd2 c6 12. g4 Ng6 13. Ng3 b5 14. Nf5 Nh7 15. a3 Be6 16. d4 Qc7 17. d5 cxd5 18. exd5 Bxf5 19. gxf5 Nh4 20. Ne4 Qe7 21. f6 Nxf6 22. Nxf6+ gxf6 23. e4 Kh7 24. Kh2 Rg8 25. Rg1 f5 26. Raf1 f4 27. Bf3 Nxf3+ 28. Rxf3 Rxg1 29. Kxg1 Rg8+ 30. Kh2 Qg5 31. Qf2 f5 32. exf5 Qxf5 33. Rc3 Rg7 34. Rc6 e4 35. Rxd6 f3 36. Qh4 Qe5+ 0-1

[Event "Titled Tuesday intern op 19th Dec Early"]
[Site "Chess.com INT"]
[Date "2023.12.19"]
[Round "8"]
[White "Gurevich, Dmitry"]
[Black "Clawitter, Craig"]
[Result "1-0"]
[WhiteElo "2374"]
[BlackElo "2050"]
[PlyCount "113"]
[EventDate "2023.12.19"]
[EventType "swiss (blitz)"]
[EventRounds "11"]
[EventCountry "USA"]
[SourceTitle "CB52_2023"]
[SourceDate "2023.12.27"]
[SourceVersion "1"]
[SourceVersionDate "2023.12.27"]
[SourceQuality "1"]

1. d4 e6 2. c4 Nf6 3. g3 d5 4. Bg2 Be7 5. Nf3 0-0 6. Nc3 dxc4 7. Ne5 c5 8. dxc5 Qa5 9. Nxc4 Qxc5 10. Qb3 Nc6 11. Be3 Qb4 12. 0-0 Bd7 13. Rfd1 Rfd8 14. Qxb4 Bxb4 15. Nd6 Bxd6 16. Rxd6 Be8 17. Rxd8 Rxd8 18. Rc1 a6 19. b3 e5 20. Na4 Nd4 21. Bxd4 Rxd4 22. Bxb7 Bxa4 23. bxa4 Kf8 24. Bxa6 Rxa4 25. Bc4 Ne4 26. Bb3 Ra7 27. Rc2 Nd6 28. f3 Nf5 29. Rc5 Nd4 30. Rxe5 Nxb3 31. axb3 Ra2 32. Kf2 Rb2 33. Rb5 g6 34. h4 h5 35. Rb7 Kg7 36. g4 hxg4 37. fxg4 Kf6 38. g5+ Ke6 39. Rb6+ Ke7 40. Kf3 Rb1 41. b4 Rf1+ 42. Kg3 Rg1+ 43. Kf3 Rf1+ 44. Ke4 Rh1 45. Ke5 Rxh4 46. Rb7+ Kf8 47. e3 Kg7 48. b5 Rb4 49. b6 Rb1 50. Kd6 Rd1+ 51. Kc7 Rc1+ 52. Kb8 Re1 53. Rc7 Rxe3 54. b7 Rb3 55. Rc8 f5 56. Kc7 Rc3+ 57. Kd7 1-0

[Event "Titled Tuesday intern op 19th Dec Early"]
[Site "Chess.com INT"]
[Date "2023.12.19"]
[Round "11"]
[White "Podlozniy, Pavel"]
[Black "Clawitter, Craig"]
[Result "1/2-1/2"]
[WhiteElo "2224"]
[BlackElo "2050"]
[PlyCount "83"]
[EventDate "2023.12.19"]
[EventType "swiss (blitz)"]
[EventRounds "11"]
[EventCountry "USA"]
[SourceTitle "CB52_2023"]
[SourceDate "2023.12.27"]
[SourceVersion "1"]
[SourceVersionDate "2023.12.27"]
[SourceQuality "1"]

1. e4 e6 2. d4 d5 3. Nd2 Be7 4. e5 c5 5. c3 cxd4 6. cxd4 Nh6 7. Bd3 Nc6 8. Ne2 0-0 9. 0-0 Nf5 10. Nf3 Qb6 11. Rb1 Kh8 12. Bxf5 exf5 13. b4 h6 14. h4 Be6 15. h5 Na5 16. Bxh6 gxh6 17. bxa5 Qxa5 18. Rxb7 Bg5 19. Qb3 Rac8 20. Rb1 Qa6 21. Nc3 Qc4 22. Na4 f4 23. Nc5 Bf5 24. Qxc4 dxc4 25. Rc1 Bd3 26. Rxa7 Be2 27. Nxg5 hxg5 28. f3 Rfd8 29. Kf2 Bd3 30. Rxf7 Rxd4 31. Ne6 Rd5 32. Nxg5 Rxe5 33. Ne4 Bxe4 34. fxe4 Rxe4 35. Kf3 Rd4 36. Rxf4 Rd3+ 37. Ke4 Rd2 38. Kf5 Rxg2 39. Rfxc4 Rxc4 40. Rxc4 Rxa2 41. Rg4 Ra5+ 42. Kf4 1/2-1/2

[Event "Titled Tuesday intern op 12th Dec Early"]
[Site "Chess.com INT"]
[Date "2023.12.12"]
[Round "2"]
[White "Clawitter, Craig"]
[Black "Kuznetsova, Olga1"]
[Result "1-0"]
[WhiteElo "2050"]
[BlackElo "2142"]
[PlyCount "127"]
[EventDate "2023.12.12"]
[EventType "swiss (blitz)"]
[EventRounds "11"]
[EventCountry "USA"]
[SourceTitle "CB51_2023"]
[SourceDate "2023.12.20"]
[SourceVersion "1"]
[SourceVersionDate "2023.12.20"]
[SourceQuality "1"]

1. e4 e6 2. d4 d5 3. e5 c5 4. c3 Nc6 5. Nf3 Bd7 6. Be2 f6 7. 0-0 fxe5 8. dxe5 Qc7 9. Re1 0-0-0 10. Bd3 h6 11. h4 g5 12. hxg5 hxg5 13. Bxg5 Be7 14. Qd2 Rf8 15. Bf4 Be8 16. Na3 a6 17. Nc2 Bh5 18. b4 Bxf3 19. gxf3 Rh4 20. Bg3 Rh5 21. b5 axb5 22. Bxb5 Nh6 23. Rab1 Nf5 24. Bxc6 Qxc6 25. Qe2 Rfh8 26. Qb5 Nxg3 27. fxg3 Rh1+ 28. Kf2 R8h2+ 29. Ke3 Rxe1+ 30. Nxe1 d4+ 31. Kd3 Qxb5+ 32. Rxb5 dxc3 33. Kxc3 Rxa2 34. Nd3 Ra3+ 35. Kd2 Kc7 36. Nxc5 Kc6 37. Rb3 Ra2+ 38. Kd3 Bxc5 39. f4 b5 40. Ke4 Ra4+ 41. Kf3 Kd5 42. g4 Bd4 43. Rxb5+ Bc5 44. f5 Ra3+ 45. Kf4 Kc4 46. Rb7 Kd5 47. Rd7+ Kc6 48. fxe6 Ra8 49. Kf5 Rf8+ 50. Kg6 Rf1 51. Rf7 Re1 52. Rf5 Kd5 53. Kf7 Ra1 54. e7 Ra7 55. e6+ Kd6 56. Rxc5 Kxc5 57. Kf8 Kd5 58. e8Q Ra6 59. e7 Rh6 60. Qf7+ Ke5 61. e8Q+ Kd4 62. Qee7 Re6 63. Qexe6 Kc5 64. Qd5+ 1-0

[Event "Titled Tuesday intern op 12th Dec Early"]
[Site "Chess.com INT"]
[Date "2023.12.12"]
[Round "9"]
[White "Clawitter, Craig"]
[Black "Rios Escobar, Adan"]
[Result "0-1"]
[WhiteElo "2050"]
[BlackElo "2234"]
[PlyCount "50"]
[EventDate "2023.12.12"]
[EventType "swiss (blitz)"]
[EventRounds "11"]
[EventCountry "USA"]
[SourceTitle "CB51_2023"]
[SourceDate "2023.12.20"]
[SourceVersion "1"]
[SourceVersionDate "2023.12.20"]
[SourceQuality "1"]

1. e4 c6 2. d4 d5 3. e5 Bf5 4. Nf3 e6 5. Be2 Nd7 6. 0-0 a5 7. Nbd2 a4 8. a3 f6 9. Re1 fxe5 10. dxe5 Bc5 11. Nf1 Nh6 12. Nd4 Qb6 13. Be3 Nxe5 14. Nxf5 Nxf5 15. Bxc5 Qxc5 16. Bh5+ Ng6 17. Rxe6+ Kd7 18. Qg4 Kxe6 19. Bxg6 hxg6 20. Qxg6+ Kd7 21. Qxf5+ Kc7 22. Re1 Raf8 23. Qe5+ Kc8 24. Ne3 Re8 25. Qxg7 d4 0-1

[Event "Titled Tuesday intern op 12th Dec Early"]
[Site "Chess.com INT"]
[Date "2023.12.12"]
[Round "3"]
[White "Eilers, Stefan"]
[Black "Clawitter, Craig"]
[Result "1-0"]
[WhiteElo "2275"]
[BlackElo "2050"]
[PlyCount "65"]
[EventDate "2023.12.12"]
[EventType "swiss (blitz)"]
[EventRounds "11"]
[EventCountry "USA"]
[SourceTitle "CB51_2023"]
[SourceDate "2023.12.20"]
[SourceVersion "1"]
[SourceVersionDate "2023.12.20"]
[SourceQuality "1"]

1. d4 e6 2. Nf3 Nf6 3. g3 d5 4. Bg2 Be7 5. 0-0 0-0 6. c4 dxc4 7. Ne5 Nc6 8. Bxc6 bxc6 9. Nxc6 Qe8 10. Nxe7+ Qxe7 11. Qa4 e5 12. Qxc4 exd4 13. Bg5 a5 14. Qxd4 Qxe2 15. Nc3 Qf3 16. Qf4 Qxf4 17. Bxf4 c6 18. b3 Nd5 19. Bd2 Nxc3 20. Bxc3 a4 21. bxa4 Rxa4 22. a3 Be6 23. Bb4 Rd8 24. Rfd1 Rxd1+ 25. Rxd1 h5 26. f3 Bd5 27. Kf2 g6 28. Re1 Kg7 29. f4 f6 30. Re7+ Kh6 31. Rc7 g5 32. f5 Be4 33. Bf8# 1-0

[Event "Titled Tuesday intern op 14th Nov Early"]
[Site "Chess.com INT"]
[Date "2023.11.14"]
[Round "10"]
[White "Bazzano, Sebastian"]
[Black "Clawitter, Craig"]
[Result "1/2-1/2"]
[WhiteElo "2288"]
[BlackElo "2050"]
[PlyCount "42"]
[EventDate "2023.11.14"]
[EventType "swiss (blitz)"]
[EventRounds "11"]
[EventCountry "USA"]
[SourceTitle "CB47_2023"]
[SourceDate "2023.11.22"]
[SourceVersion "1"]
[SourceVersionDate "2023.11.22"]
[SourceQuality "1"]

1. d4 e6 2. Bf4 Nf6 3. e3 c5 4. c3 b6 5. Nd2 Bb7 6. Ngf3 Be7 7. h3 0-0 8. Bd3 cxd4 9. exd4 a6 10. 0-0 d6 11. Re1 Re8 12. Ng5 Nbd7 13. Nge4 Nxe4 14. Nxe4 Nf6 15. Nxf6+ Bxf6 16. Qh5 g6 17. Qg4 b5 18. Qg3 Bh4 19. Qg4 Bf6 20. Qg3 Bh4 21. Qg4 Bf6 1/2-1/2

[Event "Titled Tuesday intern op 14th Nov Early"]
[Site "Chess.com INT"]
[Date "2023.11.14"]
[Round "7"]
[White "Clawitter, Craig"]
[Black "Guzman Lozano, Campo Elias"]
[Result "0-1"]
[WhiteElo "2050"]
[BlackElo "1837"]
[PlyCount "90"]
[EventDate "2023.11.14"]
[EventType "swiss (blitz)"]
[EventRounds "11"]
[EventCountry "USA"]
[SourceTitle "CB47_2023"]
[SourceDate "2023.11.22"]
[SourceVersion "1"]
[SourceVersionDate "2023.11.22"]
[SourceQuality "1"]

1. e4 c5 2. Nf3 Nc6 3. d4 cxd4 4. Nxd4 e5 5. Nb5 a6 6. Nd6+ Bxd6 7. Qxd6 Qe7 8. Qd1 Nf6 9. Nc3 h6 10. Bd3 d6 11. 0-0 Be6 12. Kh1 0-0 13. f4 exf4 14. Bxf4 Ne5 15. Qe1 Ng6 16. Bg3 Rac8 17. Rd1 Rc5 18. Bf2 Rc6 19. Bd4 Ne5 20. Qg3 Nh5 21. Qe3 Qh4 22. Bxe5 dxe5 23. Nd5 Kh8 24. c4 Rfc8 25. b3 Rd6 26. g3 Qd8 27. c5 Rxd5 28. exd5 Bxd5+ 29. Be4 Bxe4+ 30. Qxe4 Qe7 31. Rf5 Nf6 32. Qxe5 Qxe5 33. Rxe5 Ng4 34. Re2 Rxc5 35. Rd7 Rf5 36. Rxb7 Nf2+ 37. Kg2 Nd3 38. Re8+ Kh7 39. Ree7 Kg6 40. Ra7 Rf2+ 41. Kg1 Rf6 42. Red7 Nb4 43. a3 Nc2 44. a4 Ne3 45. Rdb7 Rf1# 0-1

[Event "Titled Tuesday intern op 14th Nov Early"]
[Site "Chess.com INT"]
[Date "2023.11.14"]
[Round "8"]
[White "Clawitter, Craig"]
[Black "Vila Dupla, Aurelio"]
[Result "1/2-1/2"]
[WhiteElo "2050"]
[BlackElo "2030"]
[PlyCount "54"]
[EventDate "2023.11.14"]
[EventType "swiss (blitz)"]
[EventRounds "11"]
[EventCountry "USA"]
[SourceTitle "CB47_2023"]
[SourceDate "2023.11.22"]
[SourceVersion "1"]
[SourceVersionDate "2023.11.22"]
[SourceQuality "1"]

1. e4 c5 2. Nf3 d6 3. d4 cxd4 4. Nxd4 Nf6 5. Nc3 g6 6. Be3 Bg7 7. f3 0-0 8. Qd2 Nc6 9. Bc4 Bd7 10. 0-0-0 Qa5 11. Bb3 Rfc8 12. Kb1 Ne5 13. h4 Rc5 14. h5 Rxc3 15. bxc3 Nxh5 16. Bh6 Bxh6 17. Qxh6 Qxc3 18. g4 Nf6 19. g5 Nh5 20. Rxh5 gxh5 21. f4 Nc4 22. Bxc4 Qxc4 23. f5 Qb4+ 24. Kc1 Qa3+ 25. Kb1 Qb4+ 26. Kc1 Qa3+ 27. Kb1 Qb4+ 1/2-1/2